| 000 | 00739nam a2200229 a 4500 | ||
|---|---|---|---|
| 001 | 000028387 | ||
| 003 | OSt | ||
| 005 | 20201110131241.0 | ||
| 008 | 110408s1999 dr a 000 0 spa d | ||
| 040 |
_aDO-SdBNP _bspa _cBNPHU |
||
| 082 |
_axxxx _bM423c |
||
| 100 | 1 |
_aMast, Willi _955346 |
|
| 245 | 1 | 0 |
_aA la conquista del sida : _bel orígen artificial del virus del sida y una propuesta de terapia temprana / _cWilli Mast; traductor Pedro Canó. |
| 260 |
_aSanto Domingo : _bAcademia de Ciencias de Dominicana, _c1999. |
||
| 300 |
_a33 p. : _bil. _c22 cm. |
||
| 490 | _aMedicina ; | ||
| 590 | _aInventariado, 2020/ YL | ||
| 700 | 1 | 2 |
_aCanó, Pedro, _etrad. _955347 |
| 830 | 0 |
_aMedicina _955348 |
|
| 910 | _aYlockward | ||
| 942 |
_2ddc _cLBS1 |
||
| 999 |
_c27879 _d27879 |
||